Recopilación, análisis y síntesis de la información biofísica contenida en proyectos sobre conservación realizados en el nororiente colombiano (Registro nro. 6044)
[ vista simple ]
| 000 -CABECERA | |
|---|---|
| Campo de control | 01417nam a2200181 a 4500 |
| 090 ## - CLASIFICACIÓN LOCAL | |
| Colección | IAVH |
| Consecutivo | 00765 CD-1 |
| 041 ## - IDIOMA | |
| Código de idioma para texto/pista de sonido o título separado | Español |
| 110 ## - ASIENTO PRINCIPAL--NOMBRE CORPORATIVO | |
| Unidad subordinad | Fundación Natura |
| 245 ## - MENCION DE TITULO | |
| Título | Recopilación, análisis y síntesis de la información biofísica contenida en proyectos sobre conservación realizados en el nororiente colombiano |
| 260 ## - PUBLICACION, DISTRIBUCION, ETC. (PIE DE IMPRENTA) | |
| Lugar de publicación, distribución, etc. | Bogotá |
| Nombre del editor, distribuidor, etc. | Instituto Alexander von Humboldt |
| Fecha de publicación, distribución, etc. | 2004 |
| 300 ## - DESCRIPCION FISICA | |
| Extensión | 47 p. |
| 520 ## - NOTA DE RESUMEN, ETC. | |
| Nota de resumen | En total se recopilaron y analizaron 66 proyectos de la región, sintetizando la información en bases de datos por nodos. Se anexa un listado de los proyectos que incluye además el nombre de 177 proyectos que no fueron analizados por no cumplir con los criterios establecidos. Se presenta además una síntesis del estado actual de los avances en el establecimiento de áreas protegidas y constitución de sistemas de áreas protegidas para la región basado en la información recopilada en CARS, Universidad y con otras ONGs. Se presenta una base de datos con información sobre áreas protegidas nacionales y regionales, incluyendo categoría, nombre y localizació n (incluyendo Reservas de la Sociedad Civil). |
| 650 ## - ASIENTO SECUNDARIO DE MATERIA - TERMINO TEMATICO | |
| Término temático o nombre geográfico como elemento de entrada | Biodiversidad |
| 650 ## - ASIENTO SECUNDARIO DE MATERIA - TERMINO TEMATICO | |
| Término temático o nombre geográfico como elemento de entrada | Conservación |
| 650 ## - ASIENTO SECUNDARIO DE MATERIA - TERMINO TEMATICO | |
| Término temático o nombre geográfico como elemento de entrada | Areas protegidas |
| 650 ## - ASIENTO SECUNDARIO DE MATERIA - TERMINO TEMATICO | |
| Término temático o nombre geográfico como elemento de entrada | Sistemas de áreas protegidas |
| 773 0# - Item fuente: | |
| Host Biblionumber | 5986 |
| Host Itemnumber | 9704 |
| Asiento principal | |
| Edición | |
| Lugar, editorial y fecha de publicación | Bogotá Informatica documental 2007 |
| Otro identificador del ítem - Codigo de Barras | 024802 |
| Título | Informes de investigaciones IAVH en PDF |
| Número de control del registro | |
| Número Internacional Normalizado para Publicaciones Seriadas - ISSN | |
| Número Internacional Normalizado para Libros - ISBN | |
No hay ítems disponibles.